000
00255nam a2200097Ia 4500
001
1178712
005
20250827012750.0
008
250824s9999 xx 000 0 und d
245
0
_a
İBNİ SİNA İLE UÇAMN ADAMIN PEŞİNDE
_c
ÖZKAN ÖZE
260
_b
KETEBE
999
_c
1178712
_d
1178712